LEADER 01078cam0-2200325---450- 001 990005806290403321 005 20100315122508.0 010 $a88-7119-743-7 035 $a000580629 035 $aFED01000580629 035 $a(Aleph)000580629FED01 035 $a000580629 100 $a19990604d1994----km-y0itay50------ba 101 0 $aita 102 $aIT 105 $ay-------101yy 200 1 $a<>letterato tra miti e realtà del Nuovo Mondo$eVenezia, il mondo iberico e l'Italia$eatti del convegno di Venezia, 21-23 ottobre 1992$fa cura di Angela Caracciolo Aricó 210 $aRoma$cBulzoni$dc1994 215 $a573 p.$d24 cm 225 1 $aProgetto strategico Italia-Ameria Latina 610 0 $aAmerica$aScoperta$aInfluenza sulla letteratura$aSec. 16.-18.$aCongressi$a1992 676 $a970.01 676 $a809.933 58 801 0$aIT$bUNINA$gRICA$2UNIMARC 901 $aBK 912 $a990005806290403321 952 $a809.933 CAR 1$bDip.f.m.6758$fFLFBC 959 $aFLFBC 996 $aLetterato tra miti e realtà del Nuovo Mondo$9568528 997 $aUNINA LEADER 01085nam a2200253 i 4500 001 991000302559707536 005 20020506124954.0 008 940526s1993 it ||| | ita 035 $ab10681632-39ule_inst 035 $aEXGIL143190$9ExL 040 $aBiblioteca Interfacoltà$bita 100 1 $aBlasi, Mario$0533808 245 13$aIl teatro a Malandrino :$badattamento teatrale del romanzo di Rina Durante :$btutto il teatro a Malandrino :$bRoma, Bulzoni, 1976 /$cMario Blasi, Salvatore Colazzo ; con una introduzione di Eugenio Imbriani 260 $aMaglie :$bMadonna oriente,$cc1993 300 $a84 p. ;$c24 cm. 490 0 $aDionisio ;$v1 700 1 $aColazzo, Salvatore$eauthor$4http://id.loc.gov/vocabulary/relators/aut$0451457 700 1 $aImbriani, Eugenio 907 $a.b10681632$b23-02-17$c28-06-02 912 $a991000302559707536 945 $aLE002 Busta 142/6$g1$i2002000758743$lle002$o-$pE0.00$q-$rl$s- $t0$u2$v0$w2$x0$y.i10775213$z28-06-02 996 $aTeatro a Malandrino$91455202 997 $aUNISALENTO 998 $ale002$b01-01-94$cm$da $e-$fita$git $h3$i1 LEADER 01894oam 2200481 450 001 9910713995803321 005 20220113082610.0 035 $a(CKB)5470000002505700 035 $a(OCoLC)1197071553$z(OCoLC)1200461983 035 $a(EXLCZ)995470000002505700 100 $a20200923d2020 ua 0 101 0 $aeng 135 $aur||||||||||| 181 $ctxt$2rdacontent 182 $cc$2rdamedia 183 $acr$2rdacarrier 200 10$aCybersecurity Advisory Committee Authorization Act of 2020 $ereport of the Committee on Homeland Security and Governmental Affairs, United States Senate, to accompany S. 4024 to establish in the Cybersecurity and Infrastructure Security Agency of the Department of Homeland Security a Cybersecurity Advisory Committee 210 1$aWashington :$cU.S. Government Publishing Office,$d2020. 215 $a1 online resource (ii, 10 pages) 225 1 $aReport / 116th Congress, 2d session, Senate ;$v116-265 300 $a"September 9, 2020." 320 $aIncludes bibliographical references. 517 $aCybersecurity Advisory Committee Authorization Act of 2020 606 $aComputer security$xLaw and legislation$zUnited States 606 $aAdministrative agencies$xReorganization$2fast 606 $aComputer security$xLaw and legislation$2fast 607 $aUnited States$2fast 608 $aLegislative materials.$2fast 608 $aLegislative materials.$2lcgft 615 0$aComputer security$xLaw and legislation 615 7$aAdministrative agencies$xReorganization. 615 7$aComputer security$xLaw and legislation. 801 0$bGPO 801 1$bGPO 801 2$bOCLCF 801 2$bGPO 801 2$bDWP 801 2$bOCLCQ 801 2$bGPO 906 $aBOOK 912 $a9910713995803321 996 $aCybersecurity Advisory Committee Authorization Act of 2020$93479156 997 $aUNINA